00289nam a22001097a 450000500170000000800410001704000190005804100120007708200130008924500670010285000100016920230812125642.0230812b |||||||| |||| 00| 0 eng d aLoreto college aEnglish a823bEIS a Movements and MomentsbIndigene feminisms in the global south aLCLIB